01004cam a22002891a 45000010008000000030004000080050017000120080041000290100017000700350019000870400033001060420012001390430012001510500017001630820018001801000055001982450088002532600052003413000025003934400031004185040053004496500048005029060045005509420012005959990013006079520094006209293049OSt20230608091308.0790328s1948 enk b 000 0 eng  a 49003600  a(OCoLC)4793854 aDLCcCU-SdOCoLCdNNHuCdDLC apremarc af-sj---00aGN652.S5bE8 a572.96242EVA2 aEvans-Pritchard, E. E.q(Edward Evan),d1902-1973.14aThe divine kingship of the Shilluk of the Nilotic Sudan /cby E.E. Evans-Pritchard. aCambridge [England] :bUniversity Press,c1948. a39, [1] p. ;c19 cm. 4aThe Frazer lecture ;v1948 aIncludes bibliographical references (p. 39-[40]) 0aShilluk (African people)xKings and rulers. a7bcbccoclcrplduencipf19gy-gencatlg 2ddccBK c828d828 00102ddc4070a001b001d2023-06-08l0o572.9624p100001404r2023-06-08w2023-06-08yBK